鉄道駅のある村(1980年) - Statistics

General Stats
  • This quiz has been taken 12 times
  • The average score is 49 of 162
Answer Stats
都道府県 村名 駅数 域内の駅 % Correct
北海道 音威子府村 6 南咲来など
73%
北海道 中札内村 1 中札内
73%
北海道 初山別村 6 天塩有明など
64%
北海道 猿払村 6 飛行場前など
64%
北海道 更別村 2 更別など
64%
長野県 天龍村 5 中井侍など
64%
福島県 西郷村 1 磐城西郷
55%
茨城県 大和村 2 東飯田など
55%
富山県 舟橋村 1 越中舟橋
55%
山梨県 大和村 1 初鹿野
55%
長野県 南箕輪村 2 田畑など
55%
長野県 中川村 1 伊那田島
55%
長野県 泰阜村 4 温田など
55%
長野県 木祖村 1 藪原
55%
長野県 白馬村 5 南神城など
55%
長野県 小谷村 5 白馬大池など
55%
岐阜県 大和村 4 美濃山田など
55%
京都府 南山城村 2 月ヶ瀬口など
55%
島根県 大和村 3 潮など
55%
福岡県 赤村 1 油須原
55%
青森県 碇ケ関村 2 津軽湯の沢など
45%
岩手県 松尾村 3 北森など
45%
岩手県 普代村 2 普代など
45%
群馬県 嬬恋村 3 袋倉など
45%
新潟県 中里村 1 越後田沢
45%
長野県 宮田村 1 宮田
45%
長野県 大桑村 3 須原など
45%
岐阜県 河合村 1 角川
45%
三重県 大内山村 2 大内山など
45%
三重県 鵜殿村 1 鵜殿
45%
高知県 日高村 2 日下など
45%
北海道 西興部村 4 上興部など
36%
北海道 大滝村 3 北湯沢など
36%
北海道 忠類村 1 忠類
36%
青森県 田舎館村 5 川部など
36%
岩手県 都南村 1 岩手飯岡
36%
岩手県 江釣子村 1 江釣子
36%
福島県 泉崎村 1 泉崎
36%
福島県 玉川村 2 川辺沖など
36%
茨城県 東海村 1 東海
36%
茨城県 玉里村 3 新高浜など
36%
群馬県 東村 4 花輪など
36%
群馬県 東村 1 国定
36%
埼玉県 都幾川村 1 明覚
36%
千葉県 長生村 1 八積
36%
新潟県 栄村 1 帯織
36%
新潟県 三川村 3 白崎など
36%
新潟県 刈羽村 2 荒浜など
36%
新潟県 妙高村 1 関山
36%
長野県 南牧村 4 海尻など
36%
長野県 日義村 2 宮ノ越など
36%
長野県 麻績村 1 聖高原
36%
長野県 牟礼村 1 牟礼
36%
長野県 豊田村 2 上今井など
36%
長野県 栄村 4 信濃白鳥など
36%
岐阜県 美並村 7 木尾など
36%
岐阜県 宮川村 3 坂上など
36%
三重県 美杉村 5 伊勢竹原など
36%
奈良県 明日香村 1 飛鳥
36%
鳥取県 福部村 1 福部
36%
鳥取県 泊村 1
36%
島根県 羽須美村 4 宇都井など
36%
広島県 筒賀村 2 田之尻など
36%
福岡県 宝珠山村 3 筑前岩屋など
36%
熊本県 白水村 4 長陽など
36%
熊本県 長陽村 2 立野など
36%
北海道 白滝村 5 奥白滝など
27%
青森県 蓬田村 3 蓬田など
27%
青森県 三厩村 1 三厩
27%
青森県 天間林村 6 後平など
27%
岩手県 滝沢村 3 滝沢など
27%
岩手県 玉山村 3 渋民など
27%
岩手県 宮守村 5 岩根橋など
27%
岩手県 新里村 8 腹帯など
27%
岩手県 川井村 6 区界など
27%
岩手県 野田村 2 野田玉川など
27%
福島県 熱塩加納村 2 会津加納など
27%
福島県 湯川村 1 笈川
27%
茨城県 千代川村 1 宗道
27%
群馬県 新里村 2 新里など
27%
群馬県 黒保根村 1 水沼
27%
埼玉県 荒川村 5 浦山口など
27%
埼玉県 美里村 1 松久
27%
新潟県 弥彦村 2 弥彦など
27%
新潟県 味方村 5 七穂など
27%
新潟県 中之口村 2 六分など
27%
新潟県 広神村 3 藪神など
27%
新潟県 守門村 2 越後須原など
27%
新潟県 入広瀬村 3 入広瀬など
27%
新潟県 中郷村 1 二本木
27%
富山県 細入村 3 猪谷など
27%
福井県 上志比村 4 越前野中など
27%
福井県 和泉村 2 越前下山など
27%
長野県 川上村 1 信濃川上
27%
長野県 八千穂村 2 八千穂など
27%
長野県 楢川村 3 贄川など
27%
長野県 本城村 1 西条
27%
長野県 坂北村 1 坂北
27%
長野県 松川村 3 細野など
27%
岐阜県 宮村 1 飛騨一ノ宮
27%
三重県 御薗村 1 宮町
27%
三重県 島ヶ原村 1 島ヶ原
27%
奈良県 室生村 2 室生口大野など
27%
広島県 作木村 2 伊賀和志など
27%
徳島県 西祖谷山村 1 大歩危
27%
高知県 十和村 2 土佐昭和など
27%
熊本県 坂本村 5 段など
27%
熊本県 相良村 1 川村
27%
熊本県 球磨村 4 大坂間など
27%
青森県 福地村 1 苫米地
18%
岩手県 室根村 3 矢越など
18%
岩手県 川崎村 1 陸中門崎
18%
秋田県 峰浜村 1 沢目
18%
秋田県 山内村 5 黒沢など
18%
山形県 鮭川村 1 羽前豊里
18%
山形県 戸沢村 3 津谷など
18%
福島県 新鶴村 2 新鶴など
18%
茨城県 新治村 3 坂田など
18%
群馬県 赤城村 2 敷島など
18%
群馬県 粕川村 4 北原など
18%
群馬県 明和村 1 川俣
18%
埼玉県 横瀬村 2 芦ヶ久保など
18%
埼玉県 神川村 1 丹荘
18%
埼玉県 花園村 2 永田など
18%
新潟県 京ヶ瀬村 1 京ヶ瀬
18%
新潟県 笹神村 1 神山
18%
新潟県 加治川村 2 加治など
18%
新潟県 月潟村 2 曲など
18%
新潟県 和島村 2 妙法寺など
18%
新潟県 関川村 4 越後金丸など
18%
石川県 鳥越村 12 広瀬など
18%
山梨県 大泉村 1 甲斐大泉
18%
長野県 坂井村 1 冠着
18%
長野県 三郷村 2 一日市場など
18%
岐阜県 谷汲村 5 谷汲口など
18%
静岡県 豊岡村 3 敷地など
18%
岡山県 清音村 1 清音
18%
高知県 西土佐村 3 半家など
18%
熊本県 波野村 2 滝水など
18%
大分県 直川村 2 直見など
18%
大分県 清川村 1 牧口
18%
北海道 鹿部村 1 鹿部
9%
北海道 釧路村 3 別保など
9%
青森県 森田村 3 越水など
9%
青森県 岩崎村 6 大間越など
9%
青森県 常盤村 1 北常盤
9%
青森県 階上村 2 大蛇など
9%
秋田県 西木村 4 松葉など
9%
秋田県 仙南村 2 後三年など
9%
福島県 北会津村 1 会津本郷
9%
福島県 高郷村 1 荻野
9%
茨城県 谷和原村 1 小絹
9%
栃木県 西方村 1 東武金崎
9%
群馬県 小野上村 1 小野上
9%
群馬県 笠懸村 2 岩宿など
9%
埼玉県 滑川村 1 森林公園
9%
新潟県 岩室村 1 岩室
9%
新潟県 下田村 2 大浦など
9%
新潟県 中之島村 1 押切
9%
新潟県 神林村 2 平林など
9%
山梨県 玉穂村 1 小井川
9%
三重県 三雲村 3 六軒など
9%
No matching quizzes found
Score Distribution
Percent of People with Each Score
Percentile by Number Answered
Your Score History
You have not taken this quiz